[Event "EU-Cup 18th"]
[Site "Kallithea"]
[Date "2002.09.28"]
[Round "7.4"]
[White "Movsesian, Sergei"]
[Black "Kharlov, Andrei"]
[Result "1-0"]
[WhiteElo "2654"]
[BlackElo "2609"]
[Annotator "Postny,E"]
[PlyCount "139"]
[EventDate "2002.09.22"]
[EventType "team-swiss"]
[EventRounds "7"]
[EventCountry "GRE"]
[SourceTitle "CBM 092"]
[Source "ChessBase"]
[SourceDate "2003.02.06"]
[SourceVersion "1"]
[SourceVersionDate "2003.02.06"]
[SourceQuality "1"]
[WhiteTeam "Bosna Sarajevo"]
[BlackTeam "Kazan Ladya"]
[WhiteTeamCountry "BIH"]
[BlackTeamCountry "RUS"]

{[%mdl 2]} 1. e4 e5 2. Nf3 Nc6 3. d4 exd4 4. Nxd4 Nf6 5. Nxc6 bxc6 6. e5 Qe7 7.
Qe2 Nd5 8. c4 Nb6 9. Nc3 Qe6 {Another common option is 9...a5.} 10. Qe4 d5 {
This choice means, that black wants to avoid complications, since now white is
forced to exchange queens. However, this game shows, that black still has a
problems to solve in the fothcoming "endgame like" position.} ({The main
playable alternative is} 10... Ba6 {. For instanse see the commented game
Morozevich,A-Khalifman,A/Wijk aan Zee 2002/CBM 87 [Postny]}) 11. exd6 cxd6 12.
Bd3 Qxe4+ (12... Ba6 13. Be3 Qxe4 14. Bxe4 Rc8 15. b3 d5 16. Bf5 Bb4 17. Bd2
Rd8 18. O-O-O dxc4 19. Rhe1+ Kf8 20. Bg5 Rxd1+ 21. Rxd1 Ba3+ 22. Kc2 Be7 $13 {
1/2-1/2 Zhu Chunhui-Qiao Liang/Suzhou 2001/EXT 2002 (41)}) 13. Bxe4 Bb7 14. b3
d5 $6 {This active push is probably the main source for black's forthcoming
problems.} (14... Be7 {should be prefered.}) 15. cxd5 cxd5 16. Bf3 {White has
the advantage, because black's Pd5 is a weakness and black's queenside pieces
are passively placed as well.} Be7 $6 $146 {In the game Rublevsky,S-Sokolov,I,
which was played in the same team match black choose 16...Bb4 and achieved a
draw, however black had a clearly worse position in that game as well.} (16...
Bb4 17. Bd2 O-O (17... Ba6 {was in the above mentioned game Rublevsky,
S-Sokolov,I.}) 18. Ne2 Ba3 19. O-O Rac8 20. Be3 Ba6 21. Rfd1 Rfd8 22. Nf4 $16 {
1/2-1/2 Mukhametov,E-Muco,F/Bern 1995/EXT 2000 (61)}) 17. Be3 Bf6 18. Rc1 Rc8
$6 {This move only hurts black, since black's Pa7 remains unprotected.} (18...
O-O $142 19. Nb5 Be5 $16) 19. Kd2 O-O (19... d4 20. Bxd4 $1 {and white remains
with a pawn up in all variations. For instanse:} Bg5+ (20... Bxf3 21. Bxf6 Bxg2
22. Bxg7 Rg8 23. Rhe1+) 21. Be3 Bxf3 22. gxf3) 20. Nb5 {After numerous
inaccuracies black found himself in quite a bad position.} d4 {The best
practical chance, hoping to get the counterplay against the white K.} 21. Bxb7
dxe3+ 22. fxe3 Rce8 23. Ke2 Re7 $6 ({More active would be} 23... Bg5 24. Rc3
Re7 25. Bc6 Rd8 {with drawing chances.}) 24. Rc7 Rxc7 ({It can be recommended
for black to avoid the exchange of pieces in order to retain more chances for
a counterplay.} 24... Re6) 25. Nxc7 Be5 26. Nb5 Rb8 27. Be4 Nd5 $5 {An
interesting practical chance, but insufficient.} 28. Nxa7 Nc3+ 29. Kf3 Rb6 30.
Nc6 $1 {An important move, which consolidates white's position.} Bf6 31. Rc1 $6
(31. Nd4 $1 Be5 (31... Nxa2 32. Ra1 Bxd4 33. exd4 Rxb3+ 34. Kf4 Rb2 35. Bd5 g5+
$8 36. Kxg5 $18) 32. Rc1 $1 Rf6+ 33. Bf5 Bxd4 34. exd4 Rxf5+ 35. Kg4 Rf4+ 36.
Kh3 $1 $18 {This move must have been seen before white's playing 32.Rc1.})
31... Nxa2 32. Rc4 g6 (32... Rxb3 $2 33. Ra4 $18 {[%cal Ra4a2,Ra4a8]}) 33. Bc2
Kg7 $6 ({Better was to come out with the knight immediatly:} 33... Nc3) 34. e4
$1 {White is threatening e4-e5 advance, and then black's Na2 will be in
trouble, therefore black now forced to put all his pieces awkwardly in order
not to lose the game immediatly.} Bb2 35. Ke3 $2 {A serious slip, which allows
black to get back into the game.} ({Strong enough was} 35. e5) 35... Ba3 $1 36.
e5 (36. Kd4 Nb4 {and after the knights exchange black should hold the position.
}) 36... Nc1 $1 {Suddenly black is regaining the pawn.} 37. Nd4 Bb2 38. Rc7 (
38. b4 Na2 {[%csl Rb4]}) 38... Bxd4+ ({More accurate would be} 38... Kf8 $1 {
preparing to regain the pawn on the next move.}) 39. Kxd4 Nxb3+ {Black
equalized materially, but his knight is still a source for black's concern.}
40. Kc3 (40. Bxb3 $2 Rxb3 41. e6 Kf6 42. exf7 Rb8 $11) 40... Nc1 (40... Na5 $6
41. Be4 $1 {[%csl Ra5,Gd5,Rf7][%cal Ge4d5]} Rb3+ 42. Kd4 Rb4+ 43. Kd5 Rb5+ 44.
Kd6 Rb6+ 45. Kc5 Re6 46. Kb4 (46. Bd5 $2 Rxe5 47. Rxf7+ Kh6) 46... Rxe5 47. Bf3
{The black knight is doomed, however in the forthcoming endgame RB+PP vs R+PPP
black still retains practical drawing chances.}) 41. Bd1 {preventing from the
knight the escape via e2 square.} Na2+ 42. Kd4 Kf8 $6 ({After intermediate
check} 42... Rb4+ $1 {white is not able to achieve the same harmony, as in the
game. It looks like black is escaping for a draw. For instanse:} 43. Kd3 (43.
Ke3 Rb5) 43... Rb6 44. Bf3 Nb4+ 45. Kc4 Nc2) 43. Be2 $1 {The manoeuvre Be2-c4
is very strong.} f6 44. Bc4 fxe5+ 45. Kxe5 {In spite of reduced material white
is close to a win here thanks to a superb coordination between his pieces,
which certainly can not be said about the black ones.} Nb4 46. Rf7+ Ke8 47.
Rxh7 Nc6+ 48. Kf6 Ne7+ $2 {This is the losing move.} ({The only chance to
survive was:} 48... Nd4+ 49. Kg5 (49. Kg7 Nf5+) 49... Rb2) 49. Be6 Ng8+ ({
Slightly more resistable was} 49... Nd5+ 50. Ke5 Ne3 51. g4 $18) 50. Kg7 $1 {
[%mdl 4096] The simplest. The forthcoming rooks endgame is easily won for
white.} Rxe6 51. Kxg8 Re2 52. g4 g5 53. h3 {Now the white king is going to
collect black Pg5. There is nothing, that black can do to prevent it.} Re3 54.
Kg7 Ra3 55. Kg6 Kf8 (55... Ra5 56. Rh5 {[%csl Rg5]}) 56. Rh8+ Ke7 57. Kxg5 {
Black could just resign here, but he continued for a few pointless moves,
probably because of team interests considerations.} Kf7 58. Kh4 Kg7 59. Rb8 Kg6
60. Rb6+ Kg7 61. g5 Kh7 62. Kg4 Kg7 63. h4 Ra4+ 64. Kh5 Kh7 65. Rb7+ Kg8 66. g6
Kh8 67. Kg5 Kg8 68. h5 Ra5+ 69. Kh6 Ra8 70. Rb5 {This Movsesian's win braught
"Bosna" the title of European Club Champion.} 1-0

[Event "Cap d'Agde CCAS op"]
[Site "Cap d'Agde "]
[Date "2002.10.23"]
[Round "1"]
[White "Kharlov, Andrei"]
[Black "Miellet Bensan, Yves"]
[Result "1-0"]
[WhiteElo "2606"]
[BlackElo "2162"]
[PlyCount "69"]
[EventDate "2002.10.23"]
[EventType "tourn"]
[EventRounds "9"]
[EventCountry "FRA"]
[SourceTitle "EXT 2004"]
[Source "ChessBase"]
[SourceDate "2003.11.25"]
[SourceVersion "1"]
[SourceVersionDate "2003.11.25"]
[SourceQuality "1"]

1. d4 Nf6 2. c4 e6 3. Nc3 Bb4 4. Qc2 c5 5. dxc5 Bxc5 6. Nf3 d6 7. a3 a6 8. Bg5
Nbd7 9. e3 Qc7 10. Be2 Ba7 11. Rc1 b6 12. O-O Bb7 13. Rfd1 Rc8 14. Bf4 e5 15.
Bg5 h6 16. Bxf6 Nxf6 17. Bd3 O-O 18. Bf5 Rcd8 19. Nd2 g6 20. Bh3 Kg7 21. e4 Bc8
22. Bxc8 Qxc8 23. Nd5 Nh5 24. Nf1 f5 25. exf5 gxf5 26. Ng3 Nxg3 27. hxg3 Rf7
28. Qe2 Qb7 29. Rc3 Rc8 30. Ne3 Rd8 31. Rcd3 f4 32. gxf4 exf4 33. Qg4+ Kh7 34.
Rxd6 Rg8 35. Qh5 1-0

[Event "Cap d'Agde CCAS op"]
[Site "Cap d'Agde "]
[Date "2002.10.24"]
[Round "2"]
[White "Van Elst, Andreas"]
[Black "Kharlov, Andrei"]
[Result "0-1"]
[WhiteElo "2283"]
[BlackElo "2606"]
[PlyCount "80"]
[EventDate "2002.10.23"]
[EventType "tourn"]
[EventRounds "9"]
[EventCountry "FRA"]
[SourceTitle "EXT 2004"]
[Source "ChessBase"]
[SourceDate "2003.11.25"]
[SourceVersion "1"]
[SourceVersionDate "2003.11.25"]
[SourceQuality "1"]

1. d4 d5 2. c4 e6 3. Nc3 c6 4. e3 Nf6 5. Nf3 Nbd7 6. Bd3 dxc4 7. Bxc4 b5 8. Bd3
b4 9. Ne4 Bb7 10. Nxf6+ gxf6 11. e4 c5 12. Be3 cxd4 13. Nxd4 a6 14. Qa4 Be7 15.
Nb3 O-O 16. Rd1 Ne5 17. Be2 Qb8 18. f3 Bc6 19. Qa5 Bb5 20. Rc1 Bxe2 21. Kxe2
Qb5+ 22. Qxb5 axb5 23. Rc7 Bd6 24. Rb7 Rxa2 25. Bd4 Kg7 26. Rxb5 Ng6 27. Ra1
Rxa1 28. Nxa1 Bxh2 29. Rxb4 Nf4+ 30. Kf1 Rd8 31. e5 Kg6 32. Nc2 Nd5 33. Rc4
Bxe5 34. Bxe5 fxe5 35. g3 Ra8 36. b4 Ra2 37. Ke1 Rb2 38. Kd2 h5 39. Rh4 f5 40.
Rc4 Kf6 0-1

[Event "Cap d'Agde CCAS op"]
[Site "Cap d'Agde "]
[Date "2002.10.25"]
[Round "3"]
[White "Kharlov, Andrei"]
[Black "Santo Roman, Marc"]
[Result "1-0"]
[WhiteElo "2606"]
[BlackElo "2418"]
[PlyCount "52"]
[EventDate "2002.10.23"]
[EventType "tourn"]
[EventRounds "9"]
[EventCountry "FRA"]
[SourceTitle "EXT 2004"]
[Source "ChessBase"]
[SourceDate "2003.11.25"]
[SourceVersion "1"]
[SourceVersionDate "2003.11.25"]
[SourceQuality "1"]

1. e4 c5 2. Nf3 e6 3. c3 d5 4. exd5 Qxd5 5. d4 Nf6 6. Be2 Be7 7. O-O O-O 8. Ne5
Rd8 9. Bf3 Qd6 10. Na3 cxd4 11. cxd4 Qb6 12. Qe2 Nc6 13. Nxc6 bxc6 14. Nc4 Qa6
15. Ne5 Qxe2 16. Bxe2 Bb7 17. Be3 Rac8 18. Rfc1 Nd5 19. Bf3 c5 20. dxc5 Bf6 21.
Nc4 Ba6 22. Nd6 Rc7 23. Bxd5 exd5 24. Rd1 Bxb2 25. Rab1 d4 26. Bxd4 Rcc8 1-0

[Event "Cap d'Agde CCAS op"]
[Site "Cap d'Agde "]
[Date "2002.10.26"]
[Round "5"]
[White "Kharlov, Andrei"]
[Black "Malakhatko, Vadim"]
[Result "1-0"]
[WhiteElo "2606"]
[BlackElo "2515"]
[PlyCount "57"]
[EventDate "2002.10.23"]
[EventType "tourn"]
[EventRounds "9"]
[EventCountry "FRA"]
[SourceTitle "EXT 2004"]
[Source "ChessBase"]
[SourceDate "2003.11.25"]
[SourceVersion "1"]
[SourceVersionDate "2003.11.25"]
[SourceQuality "1"]

1. e4 c5 2. Nf3 Nc6 3. Bb5 d6 4. O-O Bd7 5. Re1 Nf6 6. c3 a6 7. Bf1 Bg4 8. h3
Bh5 9. d4 cxd4 10. cxd4 d5 11. e5 Ne4 12. g4 Bg6 13. e6 fxe6 14. Nc3 e5 15.
Nxe4 Bxe4 16. Ng5 e6 17. f3 Bg6 18. Nxe6 Qd7 19. Nxf8 Rxf8 20. dxe5 O-O-O 21.
Bg5 Rde8 22. Rc1 Kb8 23. Bh4 Ka8 24. Bf2 d4 25. Rxc6 Qxc6 26. Qxd4 Kb8 27. f4
Rd8 28. Qa7+ Kc8 29. Bg2 1-0

[Event "Cap d'Agde CCAS op"]
[Site "Cap d'Agde "]
[Date "2002.10.27"]
[Round "6"]
[White "Poluljahov, Aleksandr"]
[Black "Kharlov, Andrei"]
[Result "1/2-1/2"]
[WhiteElo "2501"]
[BlackElo "2606"]
[PlyCount "151"]
[EventDate "2002.10.23"]
[EventType "tourn"]
[EventRounds "9"]
[EventCountry "FRA"]
[SourceTitle "EXT 2004"]
[Source "ChessBase"]
[SourceDate "2003.11.25"]
[SourceVersion "1"]
[SourceVersionDate "2003.11.25"]
[SourceQuality "1"]

1. c4 e5 2. Nc3 Nc6 3. Nf3 f5 4. g3 Be7 5. Bg2 Nf6 6. O-O O-O 7. d3 d6 8. Rb1
Qe8 9. b4 Bd8 10. b5 Ne7 11. c5 Qh5 12. cxd6 cxd6 13. e3 Be6 14. Ba3 Rc8 15.
Rc1 Ne8 16. Nd2 Qxd1 17. Rfxd1 Ba5 18. Nc4 Bxc4 19. dxc4 Rxc4 20. Nd5 Rxc1 21.
Nxe7+ Kf7 22. Rxc1 Kxe7 23. Bxb7 Nc7 24. Bb4 Bxb4 25. Rxc7+ Kf6 26. Bd5 Bc5 27.
a4 Bb6 28. Rd7 e4 29. a5 Bxa5 30. Rxa7 Bb6 31. Rd7 Bc5 32. Bc4 Kg6 33. Kg2 h5
34. h4 Kh6 35. Bd5 Rb8 36. Bc6 g6 37. Kf1 Rg8 38. Bd5 Rg7 39. Rd8 Ra7 40. Ke2
Ra1 41. Rd7 Rb1 42. f4 exf3+ 43. Kxf3 Rxb5 44. Bg8 g5 45. hxg5+ Kxg5 46. Bc4
Rb4 47. Bd3 Rb3 48. Ke2 Rb2+ 49. Kf3 Rd2 50. Bc4 Rh2 51. Rg7+ Kf6 52. Rh7 Bb4
53. Bf1 Kg6 54. Rb7 Bc5 55. Rb8 h4 56. gxh4 Rxh4 57. Rb3 Kg5 58. Rd3 Kf6 59.
Bg2 Ke5 60. Ke2 Rh2 61. Kf3 Rxg2 62. Kxg2 Ke4 63. Rd1 Kxe3 64. Re1+ Kf4 65. Re8
Bd4 66. Rd8 Be5 67. Kf2 Ke4 68. Ra8 f4 69. Ra3 Bd4+ 70. Ke2 d5 71. Ra4 f3+ 72.
Kf1 Ke5 73. Ra3 Kf4 74. Ra4 Ke4 75. Rb4 Ke5 76. Rb3 1/2-1/2

[Event "Cap d'Agde CCAS op"]
[Site "Cap d'Agde "]
[Date "2002.10.28"]
[Round "7"]
[White "Kharlov, Andrei"]
[Black "Korneev, Oleg"]
[Result "1/2-1/2"]
[WhiteElo "2606"]
[BlackElo "2551"]
[PlyCount "29"]
[EventDate "2002.10.23"]
[EventType "tourn"]
[EventRounds "9"]
[EventCountry "FRA"]
[SourceTitle "EXT 2004"]
[Source "ChessBase"]
[SourceDate "2003.11.25"]
[SourceVersion "1"]
[SourceVersionDate "2003.11.25"]
[SourceQuality "1"]

1. d4 d5 2. c4 e6 3. Nc3 c6 4. Nf3 Nf6 5. e3 Nbd7 6. Qc2 Bd6 7. e4 dxe4 8. Nxe4
Nxe4 9. Qxe4 c5 10. Bg5 Be7 11. Bxe7 Qa5+ 12. Ke2 Kxe7 13. g3 cxd4 14. Qxd4 e5
15. Qd2 1/2-1/2

[Event "Cap d'Agde CCAS op"]
[Site "Cap d'Agde "]
[Date "2002.10.29"]
[Round "8"]
[White "Bricard, Emmanuel"]
[Black "Kharlov, Andrei"]
[Result "1/2-1/2"]
[WhiteElo "2454"]
[BlackElo "2606"]
[PlyCount "113"]
[EventDate "2002.10.23"]
[EventType "tourn"]
[EventRounds "9"]
[EventCountry "FRA"]
[SourceTitle "EXT 2004"]
[Source "ChessBase"]
[SourceDate "2003.11.25"]
[SourceVersion "1"]
[SourceVersionDate "2003.11.25"]
[SourceQuality "1"]

1. c4 e6 2. Nf3 d5 3. b3 Be7 4. Bb2 Bf6 5. Qc2 dxc4 6. bxc4 c5 7. g3 b6 8. Bg2
Bb7 9. O-O Bxb2 10. Qxb2 Nf6 11. d3 O-O 12. Nbd2 Nfd7 13. Ne5 Bxg2 14. Kxg2 Qf6
15. f4 Nxe5 16. fxe5 Qe7 17. Nf3 Nc6 18. Qd2 Qb7 19. Kg1 Rad8 20. Rab1 h6 21.
Qe3 Nd4 22. Nxd4 Rxd4 23. Rf4 Rxf4 24. Qxf4 Qa6 25. Qd2 Rd8 26. Rb2 Qa4 27. Qc3
Qc6 28. Rb1 Rd4 29. Rd1 b5 30. cxb5 Qxb5 31. e3 Rd5 32. d4 cxd4 33. exd4 Qe2
34. Rd2 Qe1+ 35. Kg2 Qe4+ 36. Kg1 Rd8 37. Qd3 Qe1+ 38. Kg2 g5 39. Rd1 Qa5 40.
Rd2 Qb4 41. h4 Rc8 42. hxg5 Rc3 43. Qe4 hxg5 44. Rf2 Qa3 45. Qg4 Qe7 46. Kh3
Rc1 47. Qe4 Qd8 48. Qe3 Rc4 49. Rf6 g4+ 50. Kh4 Rxd4 51. Qg5+ Kf8 52. Qh5 Qe8
53. Rf4 Rxf4 54. Qh8+ Ke7 55. Qxe8+ Kxe8 56. gxf4 f5 57. exf6 1/2-1/2

[Event "Cap d'Agde CCAS op"]
[Site "Cap d'Agde "]
[Date "2002.10.30"]
[Round "9"]
[White "Kharlov, Andrei"]
[Black "Chatalbashev, Boris"]
[Result "0-1"]
[WhiteElo "2606"]
[BlackElo "2503"]
[PlyCount "112"]
[EventDate "2002.10.23"]
[EventType "tourn"]
[EventRounds "9"]
[EventCountry "FRA"]
[SourceTitle "EXT 2004"]
[Source "ChessBase"]
[SourceDate "2003.11.25"]
[SourceVersion "1"]
[SourceVersionDate "2003.11.25"]
[SourceQuality "1"]

1. d4 Nf6 2. Nf3 c5 3. d5 g6 4. c4 Bg7 5. Nc3 d6 6. h3 O-O 7. e4 e6 8. Bd3 exd5
9. cxd5 b5 10. Bxb5 Nxe4 11. Nxe4 Qa5+ 12. Nfd2 Qxb5 13. Nxd6 Qa6 14. N2c4 Nd7
15. O-O Nb6 16. Nxb6 Qxb6 17. Nxc8 Raxc8 18. Rb1 Rfd8 19. Be3 Qb7 20. b3 Bd4
21. Qf3 Qxd5 22. Rfd1 Qxf3 23. gxf3 Kg7 24. Rbc1 Bxe3 25. fxe3 Rxd1+ 26. Rxd1
c4 27. Rc1 c3 28. Kf2 g5 29. e4 c2 30. f4 Rc3 31. fxg5 Rxh3 32. Kg2 Rc3 33. Kf1
Kg6 34. Ke1 Kxg5 35. Kd2 Rc7 36. Rg1+ Kf4 37. Kc1 Kxe4 38. Rg7 Kd3 39. Rg3+ Kd4
40. Rg7 h5 41. Rh7 Ke4 42. b4 Kf4 43. Rh8 f5 44. b5 Ke4 45. Rh6 f4 46. Re6+ Kd5
47. Rf6 Ke5 48. Rf8 Ke4 49. a4 f3 50. a5 Rb7 51. Re8+ Kd3 52. Rf8 Ke2 53. Re8+
Kf1 54. Rf8 f2 55. Rf5 Ke2 56. Re5+ Kd3 0-1

[Event "Moscow Aeroflot op-A"]
[Site "Moscow"]
[Date "2003.02.12"]
[Round "2"]
[White "Kharlov, Andrei"]
[Black "Iskusnyh, Sergei"]
[Result "1-0"]
[WhiteElo "2597"]
[BlackElo "2496"]
[Annotator "Huebner,R"]
[PlyCount "41"]
[EventDate "2003.02.10"]
[EventType "swiss"]
[EventRounds "9"]
[EventCountry "RUS"]
[SourceTitle "CBM 094"]
[Source "ChessBase"]
[SourceDate "2003.05.26"]
[SourceVersion "1"]
[SourceVersionDate "2003.05.26"]
[SourceQuality "1"]

1. d4 d5 2. c4 c6 3. Nf3 Nf6 4. Nc3 a6 5. a4 e6 6. Bg5 Nbd7 7. e3 Qa5 8. cxd5
Nxd5 9. e4 Nxc3 10. bxc3 Nf6 11. Bd3 Qxc3+ 12. Ke2 Qb2+ (12... Qa5 13. Qc2 Be7
14. Rab1 Qd8 15. Bd2 a5 16. h3 h6 17. g4 Nd7 18. Bc3 Nb8 19. h4 Na6 20. Bxa6
Rxa6 21. g5 h5 22. Ne5 {1/2-1/2 Lautier,J-Prie,E/FRA 1998/CBM 64 ext (22).})
13. Bd2 a5 (13... Qb6 {ist sicherer und führt zu einer etwa ausgeglichenen
Stellung.}) 14. Rb1 Qa2 $6 ({Solider ist} 14... Qa3 15. Qc2 Qe7 16. Rhe1 Qd8
17. Kf1 Be7 {mit ungefähr gleicher Stellung.}) 15. Re1 Bb4 $2 (15... Nd7 16.
Kf1 Be7 17. Re2 (17. Bc1 e5) 17... Qa3 {ist überlebensträchtiger.}) 16. Kf1 O-O
$2 (16... Bxd2 {mußte versucht werden, obwohl Schwarz nach} 17. Nxd2 Qa3 18.
Nc4 Qe7 19. Nb6 (19. e5 Nd5 20. Nd6+ Kf8 21. Rb3 {ist auch recht ungemütlich
für Schwarz.}) 19... Rb8 20. Qd2 e5 21. Qg5 O-O 22. dxe5 Nd5 23. Qxe7 Nxe7 24.
Bc4 {schwere Sorgen hat.}) 17. Bxb4 axb4 18. Ra1 Qb2 19. Re2 Qc3 20. Rc2 Qb3
21. Bc4 1-0

[Event "Linares Anibal op 10th"]
[Site "Linares"]
[Date "2003.02.28"]
[Round "1"]
[White "Kharlov, Andrei"]
[Black "Lauridsen, Jesper"]
[Result "1-0"]
[WhiteElo "2597"]
[BlackElo "2223"]
[PlyCount "69"]
[EventDate "2003.02.28"]
[EventType "swiss"]
[EventRounds "10"]
[EventCountry "ESP"]
[SourceTitle "CBM 093 ext"]
[Source "ChessBase"]
[SourceDate "2003.05.09"]
[SourceVersion "1"]
[SourceVersionDate "2003.05.09"]
[SourceQuality "1"]

1. c4 e6 2. d4 d5 3. Nf3 c5 4. cxd5 exd5 5. Nc3 Nc6 6. e3 Nf6 7. Bb5 Bd6 8.
dxc5 Bxc5 9. O-O O-O 10. h3 Be6 11. b3 a6 12. Bxc6 bxc6 13. Bb2 Qd6 14. Na4 Ba7
15. Bxf6 gxf6 16. Qd3 c5 17. Nc3 Rad8 18. Ne2 Kh8 19. Rfd1 Rg8 20. Kf1 Bc8 21.
Rac1 a5 22. Qc3 Ba6 23. Rd2 Rg7 24. Qxa5 Rdg8 25. Rc4 d4 26. Ra4 Bxe2+ 27. Kxe2
Bb6 28. Qb5 Rxg2 29. Kd1 Qd5 30. Nxd4 Qe4 31. Qxb6 Qb1+ 32. Ke2 cxd4 33. Qxf6+
R2g7 34. Raxd4 Qh1 35. Rd8 1-0

[Event "Linares Anibal op 10th"]
[Site "Linares"]
[Date "2003.03.01"]
[Round "2"]
[White "Ivanov, Jordan"]
[Black "Kharlov, Andrei"]
[Result "1/2-1/2"]
[WhiteElo "2446"]
[BlackElo "2597"]
[PlyCount "44"]
[EventDate "2003.02.28"]
[EventType "swiss"]
[EventRounds "10"]
[EventCountry "ESP"]
[SourceTitle "CBM 093 ext"]
[Source "ChessBase"]
[SourceDate "2003.05.09"]
[SourceVersion "1"]
[SourceVersionDate "2003.05.09"]
[SourceQuality "1"]

1. d4 d5 2. c4 e6 3. Nc3 c6 4. Nf3 dxc4 5. e3 b5 6. a4 b4 7. Nb1 Nf6 8. Bxc4
Nbd7 9. O-O Bb7 10. Nbd2 c5 11. e4 cxd4 12. e5 Ng4 13. Re1 Qc7 14. Bb5 a6 15.
Bxd7+ Qxd7 16. Nc4 Bc5 17. Qd3 O-O 18. h3 Nh6 19. Bxh6 gxh6 20. Nfd2 Kh8 21.
Ne4 Bxe4 22. Rxe4 Qd5 1/2-1/2

[Event "Linares Anibal op 10th"]
[Site "Linares"]
[Date "2003.03.02"]
[Round "3"]
[White "Kharlov, Andrei"]
[Black "Labib, Ibrahim Hasan"]
[Result "1/2-1/2"]
[WhiteElo "2597"]
[BlackElo "2439"]
[PlyCount "77"]
[EventDate "2003.02.28"]
[EventType "swiss"]
[EventRounds "10"]
[EventCountry "ESP"]
[SourceTitle "CBM 093 ext"]
[Source "ChessBase"]
[SourceDate "2003.05.09"]
[SourceVersion "1"]
[SourceVersionDate "2003.05.09"]
[SourceQuality "1"]

1. d4 e6 2. c4 Bb4+ 3. Bd2 Qe7 4. Nf3 Nc6 5. Nc3 f5 6. d5 Nd8 7. g3 e5 8. Bg2
Nf6 9. O-O O-O 10. Nb5 Bxd2 11. Nxc7 d6 12. Nxa8 Bh6 13. c5 Nf7 14. Qa4 e4 15.
cxd6 Qxd6 16. Qxa7 exf3 17. Bxf3 f4 18. a4 Ng5 19. Ra3 Nfe4 20. Bxe4 Nxe4 21.
Qd4 Bh3 22. Qxe4 Bxf1 23. Kxf1 Rxa8 24. Rb3 fxg3 25. hxg3 Qd7 26. d6 Rxa4 27.
Qd5+ Qf7 28. Qxb7 Qxb7 29. Rxb7 Rd4 30. d7 Rd1+ 31. Kg2 Kf8 32. f4 Ke7 33. Kf3
Rxd7 34. Rxd7+ Kxd7 35. e4 g6 36. e5 Bf8 37. g4 Bb4 38. Ke4 Ke7 39. f5 1/2-1/2

[Event "Linares Anibal op 10th"]
[Site "Linares"]
[Date "2003.03.03"]
[Round "4"]
[White "Perez Candelario, Manuel"]
[Black "Kharlov, Andrei"]
[Result "0-1"]
[WhiteElo "2404"]
[BlackElo "2597"]
[PlyCount "74"]
[EventDate "2003.02.28"]
[EventType "swiss"]
[EventRounds "10"]
[EventCountry "ESP"]
[SourceTitle "CBM 093 ext"]
[Source "ChessBase"]
[SourceDate "2003.05.09"]
[SourceVersion "1"]
[SourceVersionDate "2003.05.09"]
[SourceQuality "1"]

1. e4 c5 2. Nf3 Nc6 3. d4 cxd4 4. Nxd4 Nf6 5. Nc3 e5 6. Ndb5 d6 7. Nd5 Nxd5 8.
exd5 Nb8 9. c4 Be7 10. Be3 a6 11. Nc3 O-O 12. Qd2 Bf5 13. Be2 Nd7 14. O-O h6
15. b4 Bg5 16. Rac1 Bxe3 17. Qxe3 Qg5 18. c5 Nf6 19. c6 Bc8 20. Qb6 bxc6 21.
dxc6 d5 22. f4 exf4 23. Bf3 Bg4 24. Qd4 Bxf3 25. Rxf3 Rac8 26. b5 axb5 27. Nxb5
Ne4 28. c7 Qg6 29. Rxf4 Ng5 30. Rff1 Rfe8 31. Qxd5 Re2 32. Kh1 Ne4 33. g4 Nf2+
34. Rxf2 Rxf2 35. Qd4 Rxa2 36. Nd6 Qg5 37. Rb1 Rxc7 0-1

[Event "Linares Anibal op 10th"]
[Site "Linares"]
[Date "2003.03.05"]
[Round "6"]
[White "Grigoriants, Sergey"]
[Black "Kharlov, Andrei"]
[Result "0-1"]
[WhiteElo "2524"]
[BlackElo "2597"]
[PlyCount "54"]
[EventDate "2003.02.28"]
[EventType "swiss"]
[EventRounds "10"]
[EventCountry "ESP"]
[SourceTitle "CBM 093 ext"]
[Source "ChessBase"]
[SourceDate "2003.05.09"]
[SourceVersion "1"]
[SourceVersionDate "2003.05.09"]
[SourceQuality "1"]

1. e4 e5 2. Nf3 Nc6 3. Bb5 Nf6 4. Qe2 Bd6 5. c3 O-O 6. O-O Re8 7. d3 Bf8 8.
Nbd2 d6 9. a4 a6 10. Bc4 d5 11. Ba2 h6 12. b4 Be6 13. b5 axb5 14. axb5 dxe4 15.
Nxe4 Nb8 16. Nxf6+ Qxf6 17. Be3 Nd7 18. Bxe6 Qxe6 19. Nd2 Nf6 20. Nc4 b6 21. h3
Rxa1 22. Rxa1 Qd5 23. Ra7 Qxb5 24. Rxc7 Nd5 25. Ra7 e4 26. dxe4 Nxe3 27. fxe3
Rc8 0-1

[Event "Linares Anibal op 10th"]
[Site "Linares"]
[Date "2003.03.06"]
[Round "7"]
[White "Kharlov, Andrei"]
[Black "Halkias, Stelios"]
[Result "1-0"]
[WhiteElo "2597"]
[BlackElo "2521"]
[PlyCount "71"]
[EventDate "2003.02.28"]
[EventType "swiss"]
[EventRounds "10"]
[EventCountry "ESP"]
[SourceTitle "CBM 093 ext"]
[Source "ChessBase"]
[SourceDate "2003.05.09"]
[SourceVersion "1"]
[SourceVersionDate "2003.05.09"]
[SourceQuality "1"]

1. e4 c5 2. Nf3 Nc6 3. Bb5 g6 4. c3 Bg7 5. d4 Qb6 6. Bxc6 Qxc6 7. d5 Qa6 8. Na3
d6 9. c4 Nf6 10. Nb5 Qb6 11. Qc2 O-O 12. a4 a6 13. a5 Qd8 14. Nc3 e5 15. Bg5 h6
16. Bxf6 Bxf6 17. O-O b5 18. axb6 Qxb6 19. Rfb1 Bd7 20. Na4 Qb7 21. Ne1 a5 22.
Nd3 Rfb8 23. Ra3 Qc8 24. Rba1 Bg5 25. Nc3 Qa6 26. Ne2 Qb6 27. Qc3 f5 28. Ng3 f4
29. Nf1 a4 30. Nd2 Qd8 31. Qc2 Qe8 32. Nb1 Rb3 33. Qxb3 axb3 34. Rxa8 Bd8 35.
Rb8 g5 36. Raa8 1-0